| 000 | 00654nam a2200217 i 4500 | ||
|---|---|---|---|
| 001 | bg | ||
| 100 | 1 | _aMarkowska-Kaczmar, Urszula. | |
| 245 | 1 | 0 |
_aEkstrakcja reguł z sieci neuronowych : _bpodejście ewolucyjne / _cUrszula Markowska-Kaczmar. |
| 260 |
_aWrocław : _bOficyna Wydawnicza Politechniki Wrocławskiej, _c2006. |
||
| 300 |
_a156 s. : _brys., wykr. (w tym kolor.) ; _c24 cm. |
||
| 504 | _aBibliogr. s. 137-143. | ||
| 650 | 9 | _aSieci neuronowe | |
| 020 | _a8370859542 | ||
| 040 | _cBPK | ||
| 041 | 0 | _apol | |
| 044 | _aPOL | ||
| 080 | _a004.032.26 | ||
| 920 | _a83-7085-954-2 | ||
| 942 | _cKS | ||
| 008 | s pl f |000 0 pol | ||
| 999 |
_c54757 _d54757 |
||
| 856 |
_uhttp://koha.tu.koszalin.pl/cgi-bin/koha/opac-detail.pl?biblionumber=54757 _yKatalog online BPK |
||